[Event "Zuerich op-B 26th"]
[Site "Zuerich"]
[Date "2002.??.??"]
[Round "2"]
[White "Juri, Daniel"]
[Black "Gobeli, Kilian"]
[Result "1-0"]
[WhiteElo "1724"]
[BlackElo "1439"]
[PlyCount "51"]
[EventDate "2002.12.26"]
[EventType "swiss"]
[EventRounds "7"]
[EventCountry "SUI"]
[SourceTitle "EXT 2019"]
[Source "ChessBase"]
[SourceDate "2018.10.10"]
[SourceVersion "1"]
[SourceVersionDate "2018.10.10"]
[SourceQuality "1"]

1. d4 d5 2. c4 e6 3. Nc3 Nf6 4. Bg5 Be7 5. Nf3 Nbd7 6. e3 c5 7. dxc5 Nxc5 8. cxd5 Nxd5 9. Bxe7 Qxe7 10. Nxd5 exd5 11. Qxd5 0-0 12. Be2 Be6 13. Qg5 Qc7 14. 0-0 Ne4 15. Qh4 f5 16. Bd3 Bc4 17. Rac1 b5 18. b3 Qd6 19. Bxc4+ bxc4 20. Rxc4 Qa3 21. Ra4 Qb2 22. Ng5 Nxg5 23. Qxg5 Rfd8 24. Qxf5 Rdc8 25. Rxa7 Qd2 26. Qf7+ 1-0